书目信息 |
| 题名: |
固始方言研究
|
|
| 作者: | 叶祖贵, 著 | |
| 分册: | ||
| 出版信息: | 北京 中国社会科学出版社 2009.04 |
|
| 页数: | 310页 | |
| 开本: | 21cm | |
| 丛书名: | ||
| 单 册: | ||
| 中图分类: | H172.1 | |
| 科图分类: | ||
| 主题词: | 北方方言--bei fang fang yan--方言研究--固始县 | |
| 电子资源: | ||
| ISBN: | 978-7-5004-7639-9 | |
| 000 | 00861nam0 2200241 450 | |
| 001 | 012010885653 | |
| 005 | 20100429081921.12 | |
| 010 | @a978-7-5004-7639-9@dCNY27.00 | |
| 100 | @a20100429d2009 em y0chiy0120 ea | |
| 101 | 0 | @achi |
| 102 | @aCN@b110000 | |
| 105 | @ay a 000yy | |
| 106 | @ar | |
| 200 | 1 | @a固始方言研究@Agu shi fang yan yan jiu@f叶祖贵著@Fye zu gui zhu |
| 210 | @a北京@c中国社会科学出版社@d2009.04 | |
| 215 | @a310页@d21cm | |
| 320 | @a有书目 (第303-308页) | |
| 330 | @a全书研究的重点是在语音和语法方面,语法方面尤为着力细致,这是本书的突出特点。其中有些内容不仅真实地反映了固始方言的面貌,而且为汉语史的研究和完善工作提供了重要资料。 | |
| 606 | 0 | @a北方方言@Abei fang fang yan@x方言研究@y固始县 |
| 690 | @aH172.1@v4 | |
| 701 | 0 | @a叶祖贵,@Aye zu gui@f1973- @4著 |
| 801 | 0 | @aCN@bQSSK@c20100429 |
| 905 | @b779374-76@dH172.1@eY467@f3 | |
| 固始方言研究/叶祖贵著.-北京:中国社会科学出版社,2009.04 |
| 310页;21cm |
| ISBN 978-7-5004-7639-9:CNY27.00 |
| 全书研究的重点是在语音和语法方面,语法方面尤为着力细致,这是本书的突出特点。其中有些内容不仅真实地反映了固始方言的面貌,而且为汉语史的研究和完善工作提供了重要资料。 |
| ● |
| 相关链接 |
|
|
|
正题名:固始方言研究
索取号:H172.1/Y467
 
预约/预借
| 序号 | 登录号 | 条形码 | 馆藏地/架位号 | 状态 | 备注 |
| 1 | 779374 | 207793743 | 语言库209/209语言库 77排2列2层/ [索取号:H172.1/Y467] | 在馆 | |
| 2 | 779375 | 207793752 | 语言库209/209语言库 77排2列2层/ [索取号:H172.1/Y467] | 在馆 | |
| 3 | 779376 | 207793761 | 语言库209/209语言库 77排2列2层/ [索取号:H172.1/Y467] | 在馆 |